000 00497nam a22001817a 4500
005 20260423163910.0
008 260423b |||||||| |||| 00| 0 eng d
037 _cDSWL
040 _aDSWL
_cDSWL
041 _heng
100 _aRamsden, Pamilla
_91235586
245 _aUnderstanding abnormal psychology
260 _aNew Delhi,
_bSage Publication,
_c2013
300 _a474p
365 _aGBP
_b105
942 _2CC
_cTEXL
_n0
999 _c1848464
_d1848464